Cycles et arcs de l'anime Pokémon - Statistiques

Statistiques générales
  • Ce quiz a été pris 44 fois
  • Le résultat moyen est 16 sur 35
Statistiques - réponses
Type de quiz Nom % Correct
Cycle Cycle 4: Noir et Blanc
70%
Cycle Cycle 6: Soleil et Lune
70%
Arc Les Iles Orange
70%
Arc Noir et Blanc
70%
Arc Soleil et Lune
70%
Cycle Cycle 3: Diamant et Perle
67%
Cycle Cycle 5: XY
67%
Arc Diamant et Perle
67%
Arc XY
67%
Arc Advanced
53%
Arc Combats Galactiques
53%
Arc Les Vainqueurs de la Ligue de Sinnoh
53%
Arc Les voyages
53%
Arc XYZ
53%
Cycle Cycle 7: Les voyages
50%
Arc Ligue Indigo
50%
Arc Battle Dimension
47%
Arc Battle Frontier
47%
Arc La Quête Ultime
43%
Arc Les voyages d'un Maître
43%
Arc Noir et Blanc: Destinées Rivales
43%
Arc Voyage à Johto
43%
Arc Les horizons
37%
Arc Les voyages ultimes
37%
Arc Advanced Battle
33%
Arc Les Champions de Johto
33%
Cycle Cycle 8: Les horizons
30%
Arc Soleil et Lune: Ultra-Légendes
30%
Arc Advanced Challenge
27%
Arc Noir et Blanc: Aventures à Unys et au-delà
27%
Arc Soleil et Lune: Ultra-Aventures
27%
Cycle Cycle 1: Pocket Monsters
23%
Arc Les horizons, A la recherche de Laqua
23%
Arc XY: La Quête de Kalos
23%
Cycle Cycle 2: Advance Generation
20%
Aucun quiz correspondant
Distribution des résultats
% des personnes avec chaque résultat
Percentile par nombre de réponses
Votre historique - résultats
Vous n’avez pas pris ce quiz